Historia de la Catedral de Burgos : (Record n. 23013)

Dettagli MARC
000 -LEADER
fixed length control field 00917nam a2200253 i 4500
003 - CONTROL NUMBER IDENTIFIER
control field IT-RoINE
005 - DATE AND TIME OF LATEST TRANSACTION
control field 20180522070720.0
008 - FIXED-LENGTH DATA ELEMENTS--GENERAL INFORMATION
fixed length control field 960702s1856 sp |r 001|| spa|d
040 ## - CATALOGING SOURCE
Original cataloging agency SpMaBN
Transcribing agency A2 IT-RoINE
Modifying agency IT-RoINE
100 1# - MAIN ENTRY--PERSONAL NAME
Personal name Orcajo, Pedro
9 (RLIN) 31461
245 10 - TITLE STATEMENT
Title Historia de la Catedral de Burgos :
Remainder of title divida en dos partes .../
Statement of responsibility, etc por Pedro Orcajo.
250 ## - EDITION STATEMENT
Edition statement 4ª ed.
260 ## - PUBLICATION, DISTRIBUTION, ETC. (IMPRINT)
Place of publication, distribution, etc Burgos :
Name of publisher, distributor, etc [s.n.],
Date of publication, distribution, etc 1856.
Manufacturer Imp. de Cariñena y Jiménez
300 ## - PHYSICAL DESCRIPTION
Extent 202 p. ;
Dimensions 15 cm.
336 ## - CONTENT TYPE
Content type term Texto (visual)
Source isbdcontent
337 ## - MEDIA TYPE
Source rdamedia
Media type term unmediated
338 ## - CARRIER TYPE
Source rdacarrier
Carrier type term volume
500 ## - GENERAL NOTE
General note Incluye índice.
504 ## - BIBLIOGRAPHY, ETC. NOTE
Bibliography, etc Incluye referencias bibliograficás.
610 24 - SUBJECT ADDED ENTRY--CORPORATE NAME
Corporate name or jurisdiction name as entry element Catedral de Burgos (España)
9 (RLIN) 31462
General subdivision Historia
651 #4 - SUBJECT ADDED ENTRY--GEOGRAPHIC NAME
Geographic name Burgos (España)
General subdivision Historia eclesiástica
9 (RLIN) 31463
856 41 - ELECTRONIC LOCATION AND ACCESS
Uniform Resource Identifier http://bdh-rd.bne.es/viewer.vm?id=0000128583&page=1
Link text Biblioteca Digital Hispánica
942 ## - ADDED ENTRY ELEMENTS (KOHA)
Item type Monografías
Dati di copia
Withdrawn status Lost status Damaged status Not for loan Home library Current library Date acquired Total Checkouts Full call number Barcode Date last seen Price effective from Koha item type
        Iglesia Nacional Española en Roma Iglesia Nacional Española en Roma 01/03/2018   ART.ARQ 728 48061 01/03/2018 01/03/2018 Monografías